| 000 | 00595nam a2200205Ia 4500 | ||
|---|---|---|---|
| 005 | 20250508165709.0 | ||
| 008 | 008 250505s9999 xx 000 0 eng d | ||
| 020 | _a978-0-415-63174-7 | ||
| 037 | _aReference | ||
| 040 |
_aFEDL _beng _cFEDL |
||
| 041 |
_aeng _2eng |
||
| 084 |
_a306.44, PIL /RR _qFEDL |
||
| 100 |
_aPilkington Rachel _9781646 |
||
| 245 | 0 | _aDiscourse, dialogue and technology enhaanced learning | |
| 260 |
_aLondon, UK _bRoutledge _c2016 |
||
| 300 | _axlx, 230p. | ||
| 365 |
_aGBP _b29.99 |
||
| 942 |
_cREF _h306.44, PIL /RR |
||
| 999 |
_c1396822 _d1396822 |
||